| 000 | 00907nam0a22002771 4500 | ||
|---|---|---|---|
| 001 | rc\83550 | ||
| 005 | 20260406090112.0 | ||
| 035 | _a(NLR Aleph) 005352395 | ||
| 090 |
_a6811124 _c6811124 |
||
| 100 | _a20021216d1994 |||y0rusy50 ca | ||
| 101 | 0 | _arus | |
| 102 | _aRU | ||
| 105 | _ay ||||||||| | ||
| 200 | 1 |
_aПолитическая культура пореформенной России _fРос. АН. ИНИОН |
|
| 210 |
_aМ. _cИНИОН _d1994 |
||
| 215 |
_a217 с. _d20 |
||
| 320 | _aБиблиогр.: с. 206-217 (157 назв.) | ||
| 700 | 1 |
_7ca _8rus _aПивоваров _bЮ. С. _f1950- _gЮрий Сергеевич _3RU\NLR\AUTH\770280651 _92652618 |
|
| 801 | 0 |
_aRU _bNLR _gpsbo |
|
| 801 | 1 |
_aRU _bELAR _2rusmarc |
|
| 852 |
_aNLR _j95-3/1209 |
||
| 942 | _cBOOK | ||
| 980 | _aNB | ||
| 980 | _aIA | ||
| 996 |
_aиноагент _bp _cПивоваров Юрий Сергеевич |
||